Fictional Locations Quiz - Statistics

General Stats
  • This quiz has been taken 28 times
  • The average score is 11 of 24
Answer Stats
Hint Answer % Correct
Hogwarts Harry Potter
100%
Gotham City Batman
88%
District 12 Hunger Games
83%
Neverland Peter Pan
79%
Bikini Bottom SpongeBob SquarePants
79%
Wakanda Black Panther
67%
The Shire The Lord of the Rings
63%
Emerald City The Wizard of Oz
63%
Whoville How the Grinch Stole Christmas
58%
Central Perk Friends
54%
Sherwood Forest Robin Hood
54%
Mos Eisley Cantina Star Wars
54%
The Upside Down Stranger Things
50%
Narnia The Chronicles of Narnia
50%
Dorne Game of Thrones
33%
Camp Half-Blood Percy Jackson
33%
Forks, Washington Twilight
33%
Misty Mountain The Hobbit
29%
Hyrule Castle The Legend of Zelda
25%
The Land of the Dead Coco
13%
The Land of Ooo Adventure Time
8%
Pemberley Pride and Prejudice
8%
Acererak's Tomb Dungeons & Dragons
0%
The Red Pyramid The Kane Chronicles
0%
No matching quizzes found
Score Distribution
Percent of People with Each Score
Percentile by Number Answered
Your Score History
You have not taken this quiz